000 00750nam a2200181Ia 4500
008 100921s9999 xx 000 0 und d
082 _b39554
_a800-3 न 04
100 _aभोळे भास्कर लक्ष्मण.
245 _aराजकारण आणि साहित्य.
260 _bसाकेत प्रकाशन,औरंगाबाद.
_c2004
300 _a156
_bकलाभारती वितरण,पुणे
365 _b100
520 _aललित सा.राजकारण.
630 _aराजकारण आणि साहित्य.
650 _aललित सा.राजकारण.
730 _aराजकारण आणि साहित्य.
942 _cBOOK
999 _c788667
_d788664